[Event "IECG CN.2001.0.00229"]
[Site "IECG email"]
[Date "2001.01.06"]
[Round "?"]
[White "Taylour, Russell"]
[Black "Woodfin, David"]
[Result "0-1"]
[WhiteElo "800"]
[BlackElo "800"]
[PlyCount "64"]
[EventDate "2001.01.06"]
[EventType "tourn (corr)"]
[EventRounds "6"]
[SourceTitle "Corr 2008"]
[Source "ChessBase"]
[SourceDate "2008.06.24"]
[SourceVersion "1"]
[SourceVersionDate "2008.06.24"]
[SourceQuality "1"]

1. e4 e5 2. Nf3 d6 3. Bc4 Bg4 4. d3 Nf6 5. Bxf7+ Ke7 6. Bb3 Nc6 7. Bg5 Kd7 8. Ba4 h6 9. Bh4 g5 10. Bg3 Bg7 11. Nbd2 Bxf3 12. Qxf3 Rf8 13. Qe2 a6 14. Bxc6+ Kxc6 15. f3 Nh5 16. 0-0-0 Nxg3 17. hxg3 b5 18. c4 b4 19. d4 exd4 20. Nb3 d3 21. Qxd3 Qf6 22. Qd5+ Kd7 23. Qd4 Qxd4 24. Nxd4 Bxd4 25. Rxd4 Rh8 26. c5 a5 27. Rhd1 Ke6 28. cxd6 Kd7 29. f4 gxf4 30. gxf4 cxd6 31. Rxd6+ Kc8 32. e5 Kc7 0-1

[Event "IECG QN.2000.0.00158"]
[Site "IECG email"]
[Date "2000.12.27"]
[Round "?"]
[White "Taylour, Russell"]
[Black "Venturas, Bob"]
[Result "1-0"]
[WhiteElo "800"]
[BlackElo "600"]
[PlyCount "37"]
[EventDate "2000.12.27"]
[EventType "tourn (corr)"]
[EventRounds "6"]
[SourceTitle "Corr 2008"]
[Source "ChessBase"]
[SourceDate "2008.06.24"]
[SourceVersion "1"]
[SourceVersionDate "2008.06.24"]
[SourceQuality "1"]

1. e4 e5 2. f4 exf4 3. Nf3 d5 4. exd5 Qh4+ 5. Nxh4 Nf6 6. c4 Be7 7. Nf3 Nbd7 8. d4 0-0 9. Bxf4 Re8 10. Be2 Bd8 11. Nc3 c6 12. Ne5 Ba5 13. dxc6 Bxc3+ 14. bxc3 bxc6 15. 0-0 h6 16. Nxd7 Bxd7 17. Bxh6 Rab8 18. Qc2 g6 19. Rxf6 1-0